000 00926nam a22002297a 4500
001 48002
003 BD-RjUL
005 20211209054435.0
008 160811s1975 ii ||||| |||| 00| 0 ben d
020 _c: IRs 15.00
035 _a(BD-RjUL)48121
040 _aBD-RjUL
_bben
_cBD-RjUL
041 _aben
082 _223
_a891.709
_bGUM 1975
100 _aগুহ, প্রদোৎ
_9145590
245 1 0 _aমার্কসীয় সাহিত্যে সমালোচনার সমস্যা /
_cপ্রদোৎ গুহ
260 _aকলকাতা :
_bচলতি দুনিয়া প্রকাশনী,
_c১৯৭৫
300 _a২১১ পৃ. ;
_c২১ সেমি.
650 _aরাশিয়ান সাহিত্য
_xইতিহাস ও সমালোচনা
_9145591
650 _aRussian Literature
_xHistory & Criticism
_9145592
942 _2ddc
_cBK
999 _c48002
_d48002